000 01208npm a2200265 i 4500
001 5249
003 ES-MaACL
005 20250811063128.0
007 hzrazu bucu
008 900426r19901657sp a 00010 spa d
080 _a9(46)"--/16"
080 _a929.7(46)
080 _a394.012(46)
100 1 _aSalazar de Mendoza, Pedro,
_d1549-1629
_9132322
245 1 0 _aOrigen de las dignidades seglares de Castilla y Leon
_b: [Microforma] : con relacion sumaria de los Reyes de estos Reynos... con un resumen al fin de las mercedes que su Magestad ha hecho de Marqueses y Condes desde el año 1621 hasta el fin de 1656... /
_cpor Salazar de Mendoza.
260 _aMadrid :
_bAteneo Cientifico, Literario y Artistico,
_c1990.
300 _a1 carrete de microfilme :
_bnegativo ;
_c16 mm.
500 _aPublicado originalmente: Madrid, Imp. Real, 1657. encuadernado con: Origen de la dignidad de Grande de Castilla... / por Alonso Carrillo.
650 1 4 _aObras anteriores a 1800.
_915661
700 1 _aCarrillo, Alonso (abogado)
_9151866
740 0 _aOrigen de la dignidad de Grande de Castilla.
852 _aES-MaACL
_jMC-381
_95366
942 _2udc
_cMICROFORMA
999 _c5249
_d5249